| Tag |
First Indicator |
Second Indicator |
Subfields |
| LEADER |
00000cam a2200000 a 4500 |
| 001 |
in00001311521 |
| 005 |
20151005062337.0 |
| 008 |
951026s1996 ilua b 001 0 eng |
| 010 |
|
|
|a 95042629
|
| 020 |
|
|
|a 087322714X
|
| 035 |
|
|
|a (OCoLC)33440971
|
| 035 |
|
|
|9 AHB6822AM
|
| 040 |
|
|
|a DLC
|c DLC
|d TXA
|d UtOrBLW
|
| 049 |
|
|
|a TXAM
|
| 050 |
0 |
0 |
|a GV361
|b .E65 1996
|
| 082 |
0 |
0 |
|a 796/.07
|2 20
|
| 245 |
0 |
0 |
|a Student learning in physical education :
|b applying research to enhance instruction /
|c Stephen J. Silverman, Catherine D. Ennis, editors.
|
| 264 |
|
1 |
|a Champaign, Ill. :
|b Human Kinetics,
|c [1996]
|
| 264 |
|
4 |
|c ©1996
|
| 300 |
|
|
|a xii, 403 pages :
|b illustrations ;
|c 24 cm.
|
| 336 |
|
|
|a text
|b txt
|2 rdacontent
|
| 337 |
|
|
|a unmediated
|b n
|2 rdamedia
|
| 338 |
|
|
|a volume
|b nc
|2 rdacarrier
|
| 504 |
|
|
|a Includes bibliographical references and index.
|
| 650 |
|
0 |
|a Physical education and training
|x Study and teaching.
|
| 650 |
|
0 |
|a Learning.
|
| 700 |
1 |
|
|a Silverman, Stephen J.,
|d 1954-
|
| 700 |
1 |
|
|a Ennis, Catherine D.
|
| 999 |
|
|
|a MARS
|
| 999 |
f |
f |
|s 7a5e68fd-4816-3639-8d28-978b8b97a429
|i ce9ac75e-48a3-3430-93e1-2c455d08e159
|t 0
|
| 952 |
f |
f |
|p ric
|a Texas A&M University
|b Rellis Campus
|c Joint Library Facility
|d Remote Storage
|t 0
|e GV361 .E65 1996
|h Library of Congress classification
|i unmediated -- volume
|m A14820174266
|
| 998 |
f |
f |
|a GV361 .E65 1996
|t 0
|l Remote Storage
|